Modernism : (رقم التسجيلة. 39729)

تفاصيل مارك
000 -الفاتح
حقل البيانات ثابتة الطول 01335cam a2200277 a 4500
003 - محدد رقم الضبط
رقم الضبط OSt
005 - وقت وتاريخ اخر تعامل مع التسجيلة
رقم الضبط 20160827144144.0
008 - عناصر البيانات ثابتة الطول - معلومات عامة
حقل البيانات ثابتة الطول 031204s2004 mau b 001 0 eng
020 ## - الرقم الدولى المعيارى للكتب
الرقم الدولى المعيارى للكتاب 1405108541 (hardcover : alk. paper)
020 ## - الرقم الدولى المعيارى للكتب
الرقم الدولى المعيارى للكتاب 9781405108539
040 ## - مصدر الفهرسة
وكالة الفهرسة الأصلية DLC
وكالة النسخ DLC
وكالة التعديل DLC
لغة الفهرسة ara
043 ## - رمز المنطقة الجغرافية
رمز المنطقة الجغرافية e-uk---
-- n-us---
082 00 - رقم تصنيف ديوى العشرى
رقم التصنيف 820.9112
رقم الطبعة 22
رقم المادة ADM
100 1# - المدخل الرئيسى - إسم شخصى
الإسم الشخصى Ayers, David,
التواريخ المصاحبة للاسم 1960-
9 (RLIN) 56399
245 10 - بيان العنوان
العنوان Modernism :
بقية العنوان a short introduction /
بيان المسئوليه,etc David Ayers.
250 ## - بيان الطبعة
بيان الطبعة ط. 1.
260 ## - PUBLICATION, DISTRIBUTION, ETC. (IMPRINT)
مكان الناشر او الموزع Malden, MA :
اسم الناشر او الموزع Blackwell Pub.,
تاريخ النشر أو التوزيع 2004.
300 ## - الوصف المادى
التعداد xii, 153 p. ;
أبعاد الوعاء 24 cm.
440 #0 - بيان السلسلة/مدخل إضافى-العنوان
العنوان Blackwell introductions to literature
9 (RLIN) 56385
504 ## - تبصرة ببليوجرافية
تبصرة ببليوجرافية,الخ Includes bibliographical references (p. [135]-148) and index.
505 0# - تبصرة محتويات-الفهرس
تبصرة المحتويات المصاغة H.D., Ezra Pound and imagism -- T.S. Eliot and modernist reading -- 'The waste land', Nancy Cunard, and Mina Loy -- Wallace Stevens and romantic legacy -- Wyndham Lewis : genius and art -- James Joyce : Ulysses and love -- D.H. Lawrence : jazz and life -- Virginia Woolf : art and class -- The modernity of Adorno and Benjamin -- The post-structuralist inflection.
650 #0 - المدخل الاضافى بالموضوع-مصطلح موضوعى
مصطلح موضوعي أو اسم جغرافي كعنصر مدخل English literature
التقسيم الفرعي الزمني 20th century
التقسيم الفرعي العام History and criticism.
9 (RLIN) 7494
650 #0 - المدخل الاضافى بالموضوع-مصطلح موضوعى
مصطلح موضوعي أو اسم جغرافي كعنصر مدخل Modernism (Literature)
التقسيم الفرعي الجغرافي English-speaking countries
9 (RLIN) 8536
650 #0 - المدخل الاضافى بالموضوع-مصطلح موضوعى
مصطلح موضوعي أو اسم جغرافي كعنصر مدخل American literature
التقسيم الفرعي الزمني 20th century
التقسيم الفرعي العام History and criticism.
9 (RLIN) 7623
942 ## - عناصر المدخل الإضافي( كوها)
Koha [default] item type كتاب
المقتنيات
حالة الفقد نموذج السعر الفعال حالة تلف ليس للاعارة رقم الطلب تاريخ الاكتساب الموقع الحالي الباركود الفرع الرئيسي Date last seen نوع المادة فى نظام كوها مصدر التصنيف او خطة الترفيف Total Checkouts Date last checked out
  2016-08-27     820.9112 ADM 2016-08-27 المكتبة المركزية بالمجمعة (CL) 00654778 المكتبة المركزية بالمجمعة (CL) 2016-08-27 كتاب Dewey Decimal Classification    
  2016-08-27     820.9112 ADM 2016-08-27 المكتبة المركزية بالمجمعة (CL) 00654779 المكتبة المركزية بالمجمعة (CL) 2016-08-27 كتاب Dewey Decimal Classification    
  2016-08-27     820.9112 ADM 2016-08-27 المكتبة المركزية بالمجمعة (CL) 00654780 المكتبة المركزية بالمجمعة (CL) 2016-08-27 كتاب Dewey Decimal Classification    
  2016-08-27     820.9112 ADM 2016-08-27 قسم الاجراءات الفنية (IC) 00654848 قسم الاجراءات الفنية (IC) 2016-08-27 كتاب Dewey Decimal Classification    
  2016-08-27     820.9112 ADM 2016-08-27 قسم الاجراءات الفنية (IC) 00654849 قسم الاجراءات الفنية (IC) 2016-08-27 كتاب Dewey Decimal Classification    
  2016-08-27     820.9112 ADM 2016-08-27 كلية الشريعة والقانون - طالبات 00654882 كلية الشريعة والقانون - طالبات 2016-08-27 كتاب Dewey Decimal Classification    
  2016-08-27     820.9112 ADM 2016-08-27 كلية الشريعة والقانون - طالبات 00654883 كلية الشريعة والقانون - طالبات 2018-02-19 كتاب Dewey Decimal Classification 1 2018-02-06